Marruecos en la segunda mitad del siglo XVIII (Record no. 12702)

MARC details
000 -LEADER
campo de control de longitud fija 00854nam a2200241 i 4500
001 - NÚMERO DE CONTROL
campo de control 12702
003 - IDENTIFICADOR DE NÚMERO DE CONTROL
campo de control ES-MaACL
005 - FECHA Y HORA DE LA ÚLTIMA TRANSACCIÓN
campo de control 20230906150357.0
007 - CAMPO FIJO DE DESCRIPCIÓN FÍSICA--INFORMACIÓN GENERAL
campo de control de longitud fija t|
008 - DATOS DE LONGITUD FIJA--INFORMACIÓN GENERAL
campo de control de longitud fija 920914s1989 sp ||||0| spa d
016 7# - NÚMERO DE CONTROL DE UNA AGENCIA BIBLIOGRÁFICA NACIONAL
Número de control cancelado/no válido CHM920002361
040 ## - FUENTE DE CATALOGACIÓN
Centro catalogador/agencia de origen CHM
Lengua de catalogación spa
Centro/agencia transcriptor CHM
080 ## - NÚMERO DE LA CLASIFICACIÓN DECIMAL UNIVERSAL
Número de la Clasificación Decimal Universal 964"17"
100 1# - ENTRADA PRINCIPAL--NOMBRE DE PERSONA
Nombre de persona Lourido Díaz, Ramón.
9 (RLIN) 74330
245 10 - MENCIÓN DEL TÍTULO
Título Marruecos en la segunda mitad del siglo XVIII
Resto del título : vida interna: política, social y religiosa durante el sultanato de Sidi Muhammad B. 'Abd Allah, 1757-1790 /
Mención de responsabilidad, etc. Ramón Lourido Díaz.
260 ## - PUBLICACIÓN, DISTRIBUCIÓN, ETC.
Lugar de publicación, distribución, etc. Madrid :
Nombre del editor, distribuidor, etc. Instituto Hispano-Arabe de Cultura,
Fecha de publicación, distribución, etc. 1978.
300 ## - DESCRIPCIÓN FÍSICA
Extensión 386 p. ;
Dimensiones 24 cm.
500 ## - NOTA GENERAL
Nota general Indices.
504 ## - NOTA DE BIBLIOGRAFÍA, ETC.
Nota de bibliografía, etc. Bibliografía: p. 359-367.
651 #4 - PUNTO DE ACCESO ADICIONAL DE MATERIA--NOMBRE GEOGRÁFICO
Nombre geográfico Marruecos-
Subdivisión general Historia-
Subdivisión cronológica S.XVIII.
9 (RLIN) 9030
710 2# - ENTRADA AGREGADA--NOMBRE DE ENTIDAD CORPORATIVA
Nombre de entidad corporativa o nombre de jurisdicción como elemento de entrada Instituto Hispano-Árabe de Cultura.
9 (RLIN) 162165
852 ## - LOCALIZACIÓN
Ubicación ES-MaACL
Número de control de estantería L-20041
Sublocalización o colección R.116966
Holdings
Estatus retirado Estado de pérdida Estado de daño No para préstamo Biblioteca de origen Biblioteca actual Ubicación en estantería Fecha de adquisición Fuente de adquisición Total de préstamos Signatura topográfica completa Código de barras Visto por última vez Precio de reemplazo Tipo de ítem Koha
        Biblioteca del Ateneo de Madrid Biblioteca del Ateneo de Madrid Depósito 2 17/01/2008     L-20041 1012939 23/02/2023 23/02/2023 Libro impreso